000 00732nas a2200265 4500
001 BR8701162
003 BR-BrBNA
005 20231205090600.0
007 ta
008 230509b bl.|||p| |||| 00| 00por d
040 _aBR-BrBNA
_bpor
_cBiblioteca Nacional de Agricultura
041 _a(Pt)
072 _aT01; P36; P01
100 1 _aKrause, M.R.
245 1 _aDesmatamento na serra do mar
650 _aDESMATAMENTO
650 _aEROSAO DO SOLO
650 _aECOLOGIA
650 _aECOSSISTEMA
650 _aPRESERVACAO DA NATUREZA
650 _aSERRA DO MAR
773 0 _tBoletim FBCN (Brazil)
_xISSN 0101-2495
_g(1984), v. 19 p. 42-48
_wBR8701162
909 _a202311
_bLúcia
_c55
_dLúcia Elande
942 _2AGRIS
_n0
_cANA
999 _c119511
_d119511